El Antiguo Testamento y Jesucristo / Claus Westermann ; introducción por Antonino González Blanco, traducción por José María Bernáldez Montalvo

Kaydedildi:
Detaylı Bibliyografya
Yazar: Westermann, Claus (autor)
Diğer Yazarlar: I. González Blanco, Antonino, introd. II. Bernáldez Montalvo, José María, trad. (autor) (autor)
Materyal Türü: Kitap
Dil:İspanyolca
Seri Bilgileri:Actualidad bíblica ; v. 30
Konular:
Etiketler: Etiketle
Etiket eklenmemiş, İlk siz ekleyin!

MARC

LEADER 00000nam^a2200000^u^4500
001 000544268
005 20250521000000.0
008 060220s1000^^^^^^^^^^^^r^^^^^000^0^spa^d
009 20260310131324.78
035 |a FMI 000013394 
037 |a Acervo Xavier Clavigero 
041 |a ESP 
096 |a 1.2/7/C 
100 |a Westermann, Claus  |e (autor) 
245 1 3 |a El Antiguo Testamento y Jesucristo / Claus Westermann ; introducción por Antonino González Blanco, traducción por José María Bernáldez Montalvo 
264 |a Madrid : Fax, 1972 
300 |a 164 p. 
336 |a texto  |b txt  |2 rdacontenido 
337 |a sin mediación  |b n  |2 rdamedio 
338 |a volumen  |b nc  |2 rdasoporte 
440 0 |a Actualidad bíblica ; v. 30 
597 |a Traducido de: Das Alte Testament und Jesus Christus 
649 |a XX 
650 |a COMENTARIOS BIBLICOS 
700 |a I. González Blanco, Antonino, introd. II. Bernáldez Montalvo, José María, trad.  |e (autor) 
910 |a Fondo Francisco Migoya Covarrubias S.J. 
920 |a Impresos - Libros 
930 |a Fondos Especiales 
905 |a 134 
901 |a SBC06846  |b IT2  |c ESP  |u 20250521 
902 |a https://opac.biblio.iteso.mx/vufind/Record/000544268